|
|
|
|
| LEADER |
00000cam a2200000 7i4500 |
| 001 |
0000004661 |
| 002 |
000005028 |
| 005 |
20000330.0 |
| 020 |
|
|
|a 9679784673
|
| 090 |
0 |
0 |
|a M 354.5950
|b BER
|
| 245 |
0 |
0 |
|a Berurusan dengan perkhidmatan awam Malaysia
|
| 260 |
|
|
|a Petaling Jaya :
|b Pelanduk Publications (M) Sdn.Bhd. ,
|c 1993
|
| 300 |
|
|
|a 796p. 1cm
|
| 650 |
0 |
0 |
|a Executive department
|z Malaysia
|x Directories
|
| 651 |
|
0 |
|a Malaysia Unit Pemodenan Pemtadbiran Malaysia
|
| 999 |
|
|
|a 032654
|b BUKU
|c RUJUKAN
|e PERPUSTAKAAN KOMUNITI PETALING JAYA
|
| 999 |
|
|
|a 032655
|b BUKU
|c MALAYSIANA
|e PERPUSTAKAAN KOMUNITI PETALING JAYA
|